Score 0/20 Timer 03:00
0 Plays Today
Question Answer Wrong Answers
Diana, Princess of Wales Bill Clinton
84.1%
George W. Bush
8.9%
Barack Obama
1%
Donald Trump
0.2%
Osama bin Laden Barack Obama
83%
Bill Clinton
1.6%
George W. Bush
8.8%
Donald Trump
0.5%
George H. W. Bush Donald Trump
73.7%
Bill Clinton
1.4%
George W. Bush
1.9%
Barack Obama
16.6%
Saddam Hussein George W. Bush
70.3%
Bill Clinton
3.3%
Barack Obama
19.5%
Donald Trump
0.9%
Fidel Castro Barack Obama
68.7%
Bill Clinton
5%
George W. Bush
8.4%
Donald Trump
11.8%
Nelson Mandela Barack Obama
67.1%
Bill Clinton
5.7%
George W. Bush
14.3%
Donald Trump
6.7%
Abu Bakr al-Baghdadi Donald Trump
61.4%
Bill Clinton
5.8%
George W. Bush
12.2%
Barack Obama
14.1%
John Paul II George W. Bush
56%
Bill Clinton
18.7%
Barack Obama
17.5%
Donald Trump
1.3%
Deng Xiaoping Bill Clinton
54.5%
George W. Bush
24.6%
Barack Obama
11.8%
Donald Trump
2.9%
Hugo Chavez Barack Obama
52.2%
Bill Clinton
7.3%
George W. Bush
15.3%
Donald Trump
18.2%
Yitzhak Rabin Bill Clinton
49.6%
George W. Bush
25.2%
Barack Obama
13.1%
Donald Trump
5.2%
Margaret Thatcher Barack Obama
48%
Bill Clinton
17.2%
George W. Bush
23.6%
Donald Trump
5.4%
Robert Mugabe Donald Trump
45.6%
Bill Clinton
8.9%
George W. Bush
14.4%
Barack Obama
24.7%
Yasser Arafat George W. Bush
45.5%
Bill Clinton
23.3%
Barack Obama
21.7%
Donald Trump
3.4%
Pierre Trudeau Bill Clinton
44.5%
George W. Bush
27.2%
Barack Obama
16.6%
Donald Trump
5.3%
Boris Yeltsin George W. Bush
43.7%
Bill Clinton
22.6%
Barack Obama
22.9%
Donald Trump
4.4%
Benazir Bhutto George W. Bush
41%
Bill Clinton
29.3%
Barack Obama
19.9%
Donald Trump
3.5%
Kim Il-Sung Bill Clinton
34.2%
George W. Bush
26.7%
Barack Obama
29.3%
Donald Trump
3.4%
Kofi Annan Donald Trump
28.2%
Bill Clinton
7.7%
George W. Bush
18.1%
Barack Obama
39.6%
Jacques Chirac Donald Trump
26.3%
Bill Clinton
13.3%
George W. Bush
24.4%
Barack Obama
29.4%

Today's Daily Dose

You're not logged in!

Compare scores with friends on all Sporcle quizzes.
OR
Log In

Sporcle TV

Today on Sporcle TV


Watch our educational content, quiz creation guides, and fun videos on Sporcle TV.

Show Comments

Extras

Top Quizzes Today


Score Distribution

Paid Content

Your Account Isn't Verified!

In order to create a playlist on Sporcle, you need to verify the email address you used during registration. Go to your Sporcle Settings to finish the process.

Report this User

Report this user for behavior that violates our Community Guidelines.

Details: